Yêu người ngóng núi Tản văn

Bewaard in:
Bibliografische gegevens
Hoofdauteur: Nguyễn, Ngọc Tư 1976-
Formaat: Boek
Taal:Vietnamese
Gepubliceerd in: Thành phố Hồ Chí Minh Trẻ 2011
Editie:Tái bản lần thứ sáu
Onderwerpen:
Tags: Voeg label toe
Geen labels, Wees de eerste die dit record labelt!
Thư viện lưu trữ: Trung tâm Học liệu Lê Vũ Hùng, Trường Đại học Đồng Tháp
LEADER 00850pam a22002538a 4500
001 00030347
005 20171026081025.0
008 130123s2011 ||||||viesd
020 # # |c 45000 
041 0 # |a vie 
082 1 4 |a 895.922 84  |b Y259NG 
100 1 # |a Nguyễn, Ngọc Tư  |d 1976- 
245 1 0 |a Yêu người ngóng núi  |b Tản văn  |c Nguyễn Ngọc Tư 
250 # # |a Tái bản lần thứ sáu 
260 # # |a Thành phố Hồ Chí Minh  |b Trẻ  |c 2011 
300 # # |a 172 tr.  |c 20 cm. 
653 # # |a Thế kỷ 21 
653 # # |a Văn học Việt Nam 
653 # # |a Văn xuôi Việt Nam 
852 # # |b Kho mượn  |j KM.0014691 
852 # # |b Kho đọc  |j KD.0014391 
852 # # |j KM.0014691  |j KD.0014391 
910 |d 23/01/2013 
980 # # |a Trung tâm Học liệu Lê Vũ Hùng, Trường Đại học Đồng Tháp